000 00746nam a22002537a 4500
003 PE SENCICO BE
005 20251020182634.0
008 230324b |||||||| |||| 00| 0 eng d
020 _a978-9962-04-601-1
040 _aPE SENCICO BE
_cPE SENCICO BE
041 _aspa
082 _a720
_bA
100 1 _9816
_aAsensio, Óscar
_eautor
245 1 _awwarchitecture - 30 of the most relevant world architects /
_cOscar Asensio
250 _a[1a ed.]
260 _as.l. :
_bLexus,
_c2018
300 _a336 p. :
_bil. col., lams.,
_c26 cm.
650 1 4 _949
_aArquitectura
650 2 4 _9472
_aArquitectura contemporánea
650 2 4 _918
_aDiseño arquitectónico
650 2 4 _9282
_aArquitectos
910 _bhfp
_chfp
942 _2ddc
_cLIB
999 _c4066
_d4066